[Event "Jerusalem Japhet Memorial op 4th"]
[Site "Jerusalem"]
[Date "2018.07.02"]
[Round "2"]
[White "Smoliar, Klim"]
[Black "Berenboym, Igor"]
[Result "0-1"]
[WhiteElo "1865"]
[BlackElo "2116"]
[PlyCount "77"]
[EventDate "2018.07.01"]
[EventType "swiss"]
[EventRounds "7"]
[EventCountry "ISR"]
[SourceTitle "CBM 185 Extra"]
[Source "ChessBase"]
[SourceDate "2018.07.29"]
[SourceVersion "1"]
[SourceVersionDate "2018.07.29"]
[SourceQuality "1"]

1. e4 e5 2. Nf3 Nc6 3. Bb5 a6 4. Bxc6 dxc6 5. 0-0 f6 6. d4 Bg4 7. c3 Qd7 8. Qe2 exd4 9. Rd1 c5 10. Be3 Bd6 11. cxd4 cxd4 12. Bxd4 Ne7 13. Nc3 Nc6 14. Nd5 Nxd4 15. Rxd4 0-0 16. Rad1 Qb5 17. R1d3 Bxf3 18. gxf3 c6 19. a4 Qc5 20. Ne3 Qg5+ 21. Ng2 Be5 22. Rd7 b5 23. Qc2 bxa4 24. h4 Qh6 25. Qc4+ Kh8 26. Qxc6 Rab8 27. Qxa4 g5 28. Qa5 gxh4 29. Rd8 h3 30. Rxb8 Bxb8 31. Rd8 hxg2 32. Rxf8+ Qxf8 33. Qxa6 Be5 34. Kxg2 Bxb2 35. f4 Bc1 36. Kf3 Kg7 37. Qe6 Qa3+ 38. Kg4 Qf8 39. Qc6 0-1

[Event "ISR-chT"]
[Site "Israel"]
[Date "2018.02.23"]
[Round "9.5"]
[White "Bronstein, Or"]
[Black "Berenboym, Igor"]
[Result "1-0"]
[WhiteElo "2337"]
[BlackElo "2125"]
[PlyCount "65"]
[EventDate "2018.01.05"]
[EventType "team-tourn"]
[EventRounds "11"]
[EventCountry "ISR"]
[SourceTitle "EXT 2019"]
[Source "ChessBase"]
[SourceDate "2018.10.10"]
[SourceVersion "1"]
[SourceVersionDate "2018.10.10"]
[SourceQuality "1"]
[WhiteTeam "Rishon Le Zion Feldklein"]
[BlackTeam "Jerusalem Tenth"]
[WhiteTeamCountry "ISR"]
[BlackTeamCountry "ISR"]

1. d4 Nf6 2. c4 e6 3. g3 d5 4. Bg2 Nbd7 5. Nf3 Bb4+ 6. Bd2 Bxd2+ 7. Nbxd2 dxc4 8. Nxc4 0-0 9. 0-0 c5 10. Rc1 cxd4 11. Qxd4 Nb6 12. Rfd1 Qxd4 13. Rxd4 Nxc4 14. Rdxc4 Rb8 15. Ne5 Nd5 16. Rd4 f6 17. Nc4 b5 18. Na5 Rb6 19. e4 Ne7 20. Rc7 e5 21. Rd2 Kf7 22. Rxa7 Be6 23. Nb7 Rc6 24. f4 Rc1+ 25. Kf2 Nc6 26. Nd8+ Kg8 27. Rc7 Nxd8 28. Rxc1 Bxa2 29. f5 Bf7 30. Bf1 b4 31. Ba6 Bb3 32. Bc4+ Bxc4 33. Rxc4 1-0

[Event "EU-ch 16th"]
[Site "Jerusalem"]
[Date "2015.03.06"]
[Round "10"]
[White "Fischer, Sebastian"]
[Black "Berenboym, Igor"]
[Result "1-0"]
[WhiteElo "2256"]
[BlackElo "2112"]
[PlyCount "33"]
[EventDate "2015.02.24"]
[EventType "swiss"]
[EventRounds "11"]
[EventCountry "ISR"]
[SourceTitle "CBM 166"]
[Source "ChessBase"]
[SourceDate "2015.05.11"]
[SourceVersion "1"]
[SourceVersionDate "2015.05.11"]
[SourceQuality "1"]

1. d4 Nf6 2. Nf3 c5 3. c3 d5 4. Bg5 Ne4 5. Bh4 Qb6 6. Qb3 Qxb3 7. axb3 cxd4 8. Nxd4 Bd7 9. e3 Nc6 10. Nd2 Nxd2 11. Kxd2 e5 12. Nb5 Rc8 13. Nxa7 Nxa7 14. Rxa7 Bc5 15. Rxb7 d4 16. exd4 exd4 17. Bc4 1-0

[Event "EU-ch 16th"]
[Site "Jerusalem"]
[Date "2015.03.03"]
[Round "7"]
[White "Berenboym, Igor"]
[Black "Kochavi, Ori"]
[Result "1-0"]
[WhiteElo "2112"]
[BlackElo "1607"]
[PlyCount "49"]
[EventDate "2015.02.24"]
[EventType "swiss"]
[EventRounds "11"]
[EventCountry "ISR"]
[SourceTitle "CBM 166"]
[Source "ChessBase"]
[SourceDate "2015.05.11"]
[SourceVersion "1"]
[SourceVersionDate "2015.05.11"]
[SourceQuality "1"]

1. e4 c5 2. Nf3 e6 3. d4 cxd4 4. Nxd4 a6 5. Nc3 Qc7 6. Bd3 Bc5 7. Be3 Nf6 8. 0-0 0-0 9. Kh1 Be7 10. f4 d6 11. Qf3 Nc6 12. Nxc6 bxc6 13. e5 dxe5 14. fxe5 Qxe5 15. Qxc6 Bd7 16. Qf3 Qc7 17. Bg5 h6 18. Bxf6 Bxf6 19. Qe4 Rfb8 20. Qh7+ Kf8 21. Rae1 Bc6 22. Rxf6 gxf6 23. Rxe6 Bxg2+ 24. Kxg2 Qb7+ 25. Be4 1-0

[Event "EU-ch 16th"]
[Site "Jerusalem"]
[Date "2015.02.27"]
[Round "4"]
[White "Belokopyt, Boris Khaimovich"]
[Black "Berenboym, Igor"]
[Result "1-0"]
[WhiteElo "1956"]
[BlackElo "2112"]
[PlyCount "99"]
[EventDate "2015.02.24"]
[EventType "swiss"]
[EventRounds "11"]
[EventCountry "ISR"]
[SourceTitle "CBM 166"]
[Source "ChessBase"]
[SourceDate "2015.05.11"]
[SourceVersion "1"]
[SourceVersionDate "2015.05.11"]
[SourceQuality "1"]

1. e4 c5 2. Nf3 d6 3. d4 cxd4 4. Nxd4 Nf6 5. Nc3 a6 6. Be3 e5 7. Nb3 Be7 8. Bc4 Nbd7 9. 0-0 b5 10. Bd5 Nxd5 11. Nxd5 Bb7 12. a3 0-0 13. Qd2 Nf6 14. Nxf6+ Bxf6 15. Qd3 Re8 16. Nd2 Qc7 17. f3 Rad8 18. c4 bxc4 19. Qxc4 Qxc4 20. Nxc4 d5 21. exd5 Rxd5 22. Rfd1 Red8 23. Rxd5 Rxd5 24. Kf2 Bh4+ 25. Ke2 f5 26. Rd1 f4 27. Ba7 Rxd1 28. Kxd1 e4 29. Nd6 exf3 30. Nxb7 fxg2 31. Ke2 Bf6 32. b3 Kf7 33. Kf3 g5 34. Kxg2 Ke6 35. Nc5+ Kf5 36. Nxa6 g4 37. Bf2 h5 38. b4 h4 39. b5 Be5 40. Nb4 Ke4 41. Nc6 Bd6 42. b6 Bxa3 43. b7 Bd6 44. b8Q Bxb8 45. Nxb8 Kd3 46. Nc6 g3 47. Ba7 Ke2 48. Nd4+ Kd3 49. Ne6 gxh2 50. Kxh2 1-0

[Event "EU-ch 16th"]
[Site "Jerusalem"]
[Date "2015.02.26"]
[Round "3"]
[White "Berenboym, Igor"]
[Black "Nakar, Eylon"]
[Result "0-1"]
[WhiteElo "2112"]
[BlackElo "2435"]
[PlyCount "58"]
[EventDate "2015.02.24"]
[EventType "swiss"]
[EventRounds "11"]
[EventCountry "ISR"]
[SourceTitle "CBM 166"]
[Source "ChessBase"]
[SourceDate "2015.05.11"]
[SourceVersion "1"]
[SourceVersionDate "2015.05.11"]
[SourceQuality "1"]

1. e4 c5 2. Nf3 d6 3. d4 cxd4 4. Nxd4 Nf6 5. Nc3 a6 6. Be3 e5 7. Nb3 Be6 8. Be2 Be7 9. 0-0 0-0 10. f4 exf4 11. Bxf4 Nc6 12. Qe1 Qb6+ 13. Kh1 Rfe8 14. Rd1 Ne5 15. Qg3 Rac8 16. Nd5 Bxd5 17. exd5 Ne4 18. Qe1 Rxc2 19. Nd4 Rxb2 20. Bh5 Nf6 21. Bxe5 dxe5 22. Qxe5 g6 23. Nc6 Bd8 24. Qf4 bxc6 25. d6 Re4 26. Qf3 Qc5 27. d7 Qxh5 28. Qc3 Rxg2 29. Kxg2 Re2+ 0-1